00489nam a2200193 a 4500001001300000003000900013005001700022008004100039020001000080082001600090100001800106245002500124260004600149300000900195500003500204505001300239650002500252700001800277nice12345678IN_TiNIC20260116011513.0050524s1952 dela grp 000 0 urd  ac10000a297.5bAHM3 aAhmed, Nazeer aAl-Huqooq Wal Faraiz aDelhi bPayam-E-mashriq Book Depot c1952 a226p aincludes index and biblioraphy2 aArchives aIslam-Moral Theology1 aAhmed, Nazeer